ბათუმის შოთა რუსთაველის სახელმწიფო უნივერსიტეტის ბიბლიოთეკა

The Economist, July 28th-August 3rd №9102. 2018 (ბიბ.ჩანაწერი № 55821)

000 -LEADER
fixed length control field 00480nam a2200181Ia 4500
001 - CONTROL NUMBER
control field 22918
003 - CONTROL NUMBER IDENTIFIER
control field GE_BSU
008 - FIXED-LENGTH DATA ELEMENTS--GENERAL INFORMATION
fixed length control field 181216s||||||||xx |||||||||||||| ||und||
040 ## - CATALOGING SOURCE
Transcribing agency GE_BSU
245 #4 - TITLE STATEMENT
Title The Economist, July 28th-August 3rd №9102. 2018
260 ## - PUBLICATION, DISTRIBUTION, ETC.
Place of publication, distribution, etc. Paris
260 ## - PUBLICATION, DISTRIBUTION, ETC.
Date of publication, distribution, etc. 2018
300 ## - PHYSICAL DESCRIPTION
Extent 70 p. 27cm. ill.
653 ## - INDEX TERM--UNCONTROLLED
Uncontrolled term The Economist, July 28th-August 3rd №9102. 2018
653 ## - INDEX TERM--UNCONTROLLED
Uncontrolled term Периодика
653 ## - INDEX TERM--UNCONTROLLED
Uncontrolled term პერიოდიკა
942 ## - ADDED ENTRY ELEMENTS (KOHA)
Koha item type პერიოდიკა
ეგზემპლარები
Withdrawn status Lost status Damaged status Not for loan Date acquired Barcode Date last seen Price effective from Koha item type Public note
        2018-12-17 p 79568 2018-12-17 2018-12-17 პერიოდიკა პერიოდიკა